[Event "46th Greek Team Championship"]
[Site "chess24.com"]
[Date "2018.07.11"]
[Round "2"]
[White "Fertaki, Eleftheria"]
[Black "Radeva, Viktoria"]
[Result "0-1"]
[Board "5"]
[WhiteElo "1139"]
[WhiteCountry "GRE"]
[WhiteFideId "25803204"]
[WhiteEloChange "-2"]
[BlackElo "2274"]
[BlackTitle "WFM"]
[BlackCountry "FID"]
[BlackFideId "2915405"]
[BlackEloChange "2"]

1. e4 {[%clk 1:30:58]} c5 {[%clk 1:30:56]} 2. Nf3 {[%clk 1:31:16]} e6 {[%clk
1:31:21]} 3. d4 {[%clk 1:31:37]} cxd4 {[%clk 1:31:46]} 4. Nxd4 {[%clk 1:32:00]}
a6 {[%clk 1:32:10]} 5. Nc3 {[%clk 1:31:56]} Qc7 {[%clk 1:32:33]} 6. Be3 {[%clk
1:28:23]} Bb4 {[%clk 1:32:31]} 7. Ne2 {[%clk 1:22:10]} Nf6 {[%clk 1:32:00]} 8.
Bd2 {[%clk 1:18:30]} Nc6 {[%clk 1:30:41]} 9. Ng3 {[%clk 1:16:20]} O-O {[%clk
1:26:23]} 10. Bd3 {[%clk 1:14:43]} d6 {[%clk 1:23:50]} 11. O-O {[%clk 1:13:41]}
Bc5 {[%clk 1:21:57]} 12. Qe2 {[%clk 1:05:22]} Nd4 {[%clk 1:17:25]} 13. Qd1 {[%clk
1:03:35]} b5 {[%clk 1:15:38]} 14. a3 {[%clk 0:54:19]} Bb7 {[%clk 1:10:42]} 15.
Be3 {[%clk 0:51:49]} Nc6 {[%clk 1:05:09]} 16. Re1 {[%clk 0:44:36]} Ne5 {[%clk
1:01:13]} 17. h3 {[%clk 0:41:49]} Rac8 {[%clk 0:56:16]} 18. Bxc5 {[%clk 0:33:16]}
dxc5 {[%clk 0:55:04]} 19. Bf1 {[%clk 0:25:30]} Rfd8 {[%clk 0:53:52]} 20. Qc1
{[%clk 0:24:58]} b4 {[%clk 0:45:48]} 21. Nd1 {[%clk 0:22:19]} a5 {[%clk 0:44:15]}
22. c3 {[%clk 0:21:48]} Qb6 {[%clk 0:42:54]} 23. Qe3 {[%clk 0:20:22]} bxa3 {[%clk
0:37:34]} 24. Rxa3 {[%clk 0:19:25]} Ba6 {[%clk 0:37:24]} 25. Qg5 {[%clk 0:16:28]}
Nfd7 {[%clk 0:35:27]} 26. Nh5 {[%clk 0:14:35]} Ng6 {[%clk 0:34:14]} 27. Bxa6
{[%clk 0:13:49]} Qxa6 {[%clk 0:34:43]} 28. Ne3 {[%clk 0:10:14]} h6 {[%clk
0:33:55]} 29. Qg3 {[%clk 0:09:59]} Qb5 {[%clk 0:32:14]} 30. Ra2 {[%clk 0:07:55]}
c4 {[%clk 0:31:32]} 31. Nf4 {[%clk 0:07:07]} Nxf4 {[%clk 0:31:39]} 32. Qxf4
{[%clk 0:07:36]} Ne5 {[%clk 0:31:13]} 33. Rd1 {[%clk 0:06:20]} Nd3 {[%clk
0:28:54]} 34. Qh4 {[%clk 0:05:46]} a4 {[%clk 0:25:20]} 35. Nc2 {[%clk 0:04:56]}
Qb3 {[%clk 0:24:20]} 36. Nb4 {[%clk 0:05:08]} Qxd1+ {[%clk 0:24:40]} 37. Kh2
{[%clk 0:05:25]} Nxb4 {[%clk 0:24:59]} 38. cxb4 {[%clk 0:05:41]} Qb3 {[%clk
0:24:35]} 39. Ra3 {[%clk 0:05:35]} Qxb2 {[%clk 0:23:31]} 40. Rxa4 {[%clk
0:35:50]} c3 {[%clk 0:53:25]} 41. Ra5 {[%clk 0:35:23]} c2 {[%clk 0:53:17]} 42.
Rc5 {[%clk 0:35:38]} c1Q {[%clk 0:53:25]} 43. Rxc1 {[%clk 0:35:43]} Qxc1 {[%clk
0:53:53]} 44. b5 {[%clk 0:35:59]} Qg5 {[%clk 0:54:10]} 45. Qxg5 {[%clk 0:35:59]}
hxg5 {[%clk 0:54:10]} 46. h4 {[%clk 0:36:01]} gxh4 {[%clk 0:54:36]} 47. Kh3
{[%clk 0:36:27]} Rb8 {[%clk 0:55:03]} 48. Kxh4 {[%clk 0:36:49]} Rxb5 {[%clk
0:55:30]} 49. e5 {[%clk 0:36:57]} Rxe5 {[%clk 0:55:55]} 50. f4 {[%clk 0:37:19]}
g5+ {[%clk 0:56:15]} 51. Kg4 {[%clk 0:37:39]} gxf4 {[%clk 0:56:39]} 52. g3 {[%clk
0:38:01]} fxg3 {[%clk 0:57:03]} 53. Kxg3 {[%clk 0:38:21]} Rd4 {[%clk 0:57:23]}
54. Kh2 {[%clk 0:38:38]} Re3 {[%clk 0:57:48]} 55. Kg2 {[%clk 0:38:58]} Rd2+
{[%clk 0:58:13]} 56. Kg1 {[%clk 0:39:21]} Re1# {[%clk 0:58:39]} 0-1

[Event "46th Greek Team Championship"]
[Site "chess24.com"]
[Date "2018.07.11"]
[Round "2"]
[White "Grafakou, Sotiria-Aphrodite"]
[Black "Bania, Eleni"]
[Result "1-0"]
[Board "6"]
[WhiteElo "1617"]
[WhiteCountry "GRE"]
[WhiteFideId "4249879"]
[WhiteEloChange "4"]
[BlackElo "1349"]
[BlackCountry "GRE"]
[BlackFideId "4291824"]
[BlackEloChange "-4"]

1. d4 {[%clk 1:30:53]} d5 {[%clk 1:30:24]} 2. c4 {[%clk 1:31:16]} e6 {[%clk
1:30:37]} 3. Nf3 {[%clk 1:30:05]} c6 {[%clk 1:29:38]} 4. Nc3 {[%clk 1:30:23]} Bd6
{[%clk 1:29:02]} 5. e4 {[%clk 1:30:07]} dxe4 {[%clk 1:20:41]} 6. Nxe4 {[%clk
1:30:16]} Be7 {[%clk 1:16:09]} 7. Ne5 {[%clk 1:27:28]} Nd7 {[%clk 1:12:16]} 8.
Nxd7 {[%clk 1:17:47]} Qxd7 {[%clk 1:06:16]} 9. Be2 {[%clk 1:13:09]} Nf6 {[%clk
1:05:21]} 10. Nc3 {[%clk 1:12:09]} O-O {[%clk 1:04:05]} 11. O-O {[%clk 1:11:06]}
b6 {[%clk 0:49:49]} 12. Bf3 {[%clk 1:08:09]} Bb7 {[%clk 0:49:18]} 13. Be3 {[%clk
1:05:51]} Rfd8 {[%clk 0:43:09]} 14. Qc2 {[%clk 1:03:06]} Rac8 {[%clk 0:41:12]}
15. Rfd1 {[%clk 1:02:20]} Qc7 {[%clk 0:36:14]} 16. Rac1 {[%clk 0:56:07]} Bd6
{[%clk 0:27:46]} 17. h3 {[%clk 0:54:17]} Bf4 {[%clk 0:25:31]} 18. Ne4 {[%clk
0:49:50]} Nxe4 {[%clk 0:24:18]} 19. Qxe4 {[%clk 0:48:56]} Bxe3 {[%clk 0:24:13]}
20. fxe3 {[%clk 0:47:49]} Qe7 {[%clk 0:20:58]} 21. a3 {[%clk 0:41:05]} Rd7 {[%clk
0:19:14]} 22. Rc3 {[%clk 0:29:45]} h6 {[%clk 0:13:09]} 23. Qe5 {[%clk 0:20:19]}
Rcd8 {[%clk 0:12:01]} 24. Rcd3 {[%clk 0:18:42]} f6 {[%clk 0:11:24]} 25. Qe4
{[%clk 0:16:15]} e5 {[%clk 0:08:04]} 26. d5 {[%clk 0:14:56]} cxd5 {[%clk
0:08:20]} 27. cxd5 {[%clk 0:15:06]} Rd6 {[%clk 0:08:28]} 28. Qa4 {[%clk 0:12:11]}
Ba8 {[%clk 0:07:36]} 29. e4 {[%clk 0:11:30]} Qb7 {[%clk 0:04:23]} 30. Rc3 {[%clk
0:10:56]} b5 {[%clk 0:03:37]} 31. Qb4 {[%clk 0:10:55]} Qb6+ {[%clk 0:03:54]} 32.
Qc5 {[%clk 0:09:53]} Qxc5+ {[%clk 0:02:38]} 33. Rxc5 {[%clk 0:10:16]} a6 {[%clk
0:02:57]} 34. Bg4 {[%clk 0:08:40]} g6 {[%clk 0:03:10]} 35. Rc8 {[%clk 0:07:03]}
Rxc8 {[%clk 0:02:29]} 36. Bxc8 {[%clk 0:07:25]} f5 {[%clk 0:01:57]} 37. exf5
{[%clk 0:07:17]} gxf5 {[%clk 0:02:13]} 38. Bxf5 {[%clk 0:07:38]} Kg7 {[%clk
0:02:06]} 39. Be6 {[%clk 0:06:25]} Bc6 {[%clk 0:01:37]} 40. Kf2 {[%clk 0:36:19]}
Be8 {[%clk 0:31:17]} 41. Rc1 {[%clk 0:35:37]} Kf6 {[%clk 0:31:18]} 42. Ke3 {[%clk
0:35:23]} Bg6 {[%clk 0:23:39]} 43. Rc5 {[%clk 0:32:00]} Bb1 {[%clk 0:19:39]} 44.
Bc8 {[%clk 0:28:11]} Ke7 {[%clk 0:18:14]} 45. Bg4 {[%clk 0:25:47]} Bg6 {[%clk
0:15:22]} 46. Rc6 {[%clk 0:23:37]} a5 {[%clk 0:10:18]} 47. Rc7+ {[%clk 0:20:03]}
Ke8 {[%clk 0:08:56]} 48. Be6 {[%clk 0:19:41]} Kd8 {[%clk 0:07:44]} 49. Rb7 {[%clk
0:19:40]} b4 {[%clk 0:05:49]} 50. axb4 {[%clk 0:19:51]} axb4 {[%clk 0:06:08]} 51.
Rxb4 {[%clk 0:19:41]} Ra6 {[%clk 0:06:16]} 52. Rg4 {[%clk 0:15:00]} Bb1 {[%clk
0:05:24]} 53. Rh4 {[%clk 0:14:26]} Rb6 {[%clk 0:04:41]} 54. Rxh6 {[%clk 0:13:51]}
Rxb2 {[%clk 0:05:04]} 55. d6 {[%clk 0:13:48]} Rb3+ {[%clk 0:02:22]} 56. Bxb3
{[%clk 0:14:09]} Bf5 {[%clk 0:02:48]} 57. Rh5 {[%clk 0:14:19]} Bd7 {[%clk
0:01:33]} 1-0

[Event "46th Greek Team Championship"]
[Site "chess24.com"]
[Date "2018.07.11"]
[Round "2"]
[White "Prokopiou, Ioannis"]
[Black "Laspas, Panagiotis"]
[Result "0-1"]
[Board "8"]
[WhiteElo "1674"]
[WhiteCountry "GRE"]
[WhiteFideId "4218728"]
[WhiteEloChange "-4"]
[BlackElo "1917"]
[BlackCountry "GRE"]
[BlackFideId "4243102"]
[BlackEloChange "4"]

1. d4 {[%clk 1:30:53]} Nf6 {[%clk 1:25:48]} 2. Nf3 {[%clk 1:31:06]} g6 {[%clk
1:26:02]} 3. Bg5 {[%clk 1:31:16]} Bg7 {[%clk 1:26:17]} 4. e3 {[%clk 1:31:25]} d6
{[%clk 1:25:40]} 5. Bd3 {[%clk 1:30:34]} Nc6 {[%clk 1:24:44]} 6. c3 {[%clk
1:30:08]} a6 {[%clk 1:24:02]} 7. Nbd2 {[%clk 1:30:13]} O-O {[%clk 1:23:31]} 8.
O-O {[%clk 1:30:07]} Qe8 {[%clk 1:23:23]} 9. Qc2 {[%clk 1:19:59]} Nd7 {[%clk
1:22:15]} 10. b4 {[%clk 1:17:35]} e5 {[%clk 1:18:11]} 11. d5 {[%clk 0:59:22]} Ne7
{[%clk 1:17:47]} 12. Bxe7 {[%clk 0:59:41]} Qxe7 {[%clk 1:18:10]} 13. e4 {[%clk
0:59:59]} Nf6 {[%clk 1:18:06]} 14. c4 {[%clk 0:51:37]} Nh5 {[%clk 1:15:16]} 15.
Rfc1 {[%clk 0:36:21]} f5 {[%clk 1:11:56]} 16. c5 {[%clk 0:15:16]} Nf4 {[%clk
1:11:20]} 17. Bf1 {[%clk 0:13:30]} Kh8 {[%clk 1:07:20]} 18. Ne1 {[%clk 0:03:45]}
fxe4 {[%clk 1:05:03]} 19. Qxe4 {[%clk 0:04:06]} Bf5 {[%clk 1:04:32]} 20. Qc4
{[%clk 0:04:19]} e4 {[%clk 0:52:56]} 21. Nc2 {[%clk 0:00:37]} Bxa1 {[%clk
0:51:30]} 22. Rxa1 {[%clk 0:01:06]} Qe5 {[%clk 0:50:50]} 23. Re1 {[%clk 0:00:46]}
Qxd5 {[%clk 0:49:24]} 24. Qxd5 {[%clk 0:00:32]} Nxd5 {[%clk 0:49:44]} 25. cxd6
{[%clk 0:00:32]} cxd6 {[%clk 0:50:01]} 26. Nxe4 {[%clk 0:00:36]} Nf4 {[%clk
0:48:58]} 27. g3 {[%clk 0:00:36]} d5 {[%clk 0:48:55]} 28. gxf4 {[%clk 0:00:36]}
Bxe4 {[%clk 0:49:19]} 29. Ne3 {[%clk 0:00:33]} Rxf4 {[%clk 0:49:26]} 30. Rd1
{[%clk 0:00:41]} Re8 {[%clk 0:48:18]} 31. b5 {[%clk 0:00:34]} Bf3 {[%clk
0:47:47]} 32. Rd2 {[%clk 0:00:32]} d4 {[%clk 0:48:00]} 33. Ng2 {[%clk 0:00:35]}
Bxg2 {[%clk 0:48:25]} 34. Kxg2 {[%clk 0:00:58]} axb5 {[%clk 0:47:40]} 35. Bxb5
{[%clk 0:01:18]} Re5 {[%clk 0:48:03]} 36. Bd3 {[%clk 0:00:42]} Rg5+ {[%clk
0:44:38]} 37. Kf1 {[%clk 0:00:56]} Rh4 {[%clk 0:44:24]} 38. f3 {[%clk 0:01:05]}
Kg7 {[%clk 0:41:48]} 39. Be4 {[%clk 0:00:49]} b5 {[%clk 0:41:50]} 40. Bc6 {[%clk
0:30:33]} Rc5 {[%clk 1:08:26]} 41. Be4 {[%clk 0:30:48]} Rc3 {[%clk 1:03:05]} 42.
Kg2 {[%clk 0:23:54]} d3 {[%clk 0:58:57]} 43. Kg3 {[%clk 0:21:35]} Rh5 {[%clk
0:58:14]} 44. Kf4 {[%clk 0:20:16]} Rc2 {[%clk 0:58:16]} 45. Rxc2 {[%clk 0:19:17]}
dxc2 {[%clk 0:58:41]} 46. Bxc2 {[%clk 0:19:44]} Rxh2 {[%clk 0:59:04]} 47. Bb3
{[%clk 0:20:13]} Kf6 {[%clk 0:59:21]} 48. Bd5 {[%clk 0:19:30]} Rh4+ {[%clk
0:59:26]} 49. Kg3 {[%clk 0:19:43]} Rd4 {[%clk 0:59:48]} 50. Bb3 {[%clk 0:20:07]}
Ke5 {[%clk 0:59:48]} 51. Kf2 {[%clk 0:17:44]} Kf4 {[%clk 0:59:47]} 52. Ke2 {[%clk
0:17:57]} h5 {[%clk 0:59:57]} 53. Bf7 {[%clk 0:18:14]} h4 {[%clk 0:59:31]} 54.
Be6 {[%clk 0:16:54]} Kg3 {[%clk 0:59:44]} 55. Ke3 {[%clk 0:15:45]} Rd1 {[%clk
0:59:52]} 56. Ke2 {[%clk 0:15:59]} Rb1 {[%clk 1:00:13]} 57. Ke3 {[%clk 0:16:03]}
Re1+ {[%clk 1:00:38]} 0-1

[Event "46th Greek Team Championship"]
[Site "chess24.com"]
[Date "2018.07.11"]
[Round "3"]
[White "Pilalis, Ernestos"]
[Black "Koutlas, Nikolaos"]
[Result "0-1"]
[Board "10"]
[WhiteElo "1278"]
[WhiteCountry "GRE"]
[WhiteFideId "65800052"]
[WhiteEloChange "-2"]
[BlackElo "1811"]
[BlackCountry "GRE"]
[BlackFideId "25827138"]
[BlackEloChange "2"]

1. Nf3 {[%clk 1:30:51]} c5 {[%clk 1:30:32]} 2. e3 {[%clk 1:31:12]} Nc6 {[%clk
1:30:45]} 3. d4 {[%clk 1:31:29]} cxd4 {[%clk 1:30:57]} 4. exd4 {[%clk 1:31:51]}
d5 {[%clk 1:31:14]} 5. Be2 {[%clk 1:31:39]} Bf5 {[%clk 1:31:15]} 6. O-O {[%clk
1:31:11]} e6 {[%clk 1:31:02]} 7. b3 {[%clk 1:30:54]} Bd6 {[%clk 1:26:58]} 8. Bb2
{[%clk 1:29:20]} h6 {[%clk 1:26:38]} 9. Nbd2 {[%clk 1:27:48]} Nf6 {[%clk
1:25:54]} 10. c4 {[%clk 1:27:20]} O-O {[%clk 1:24:10]} 11. Ne5 {[%clk 1:26:40]}
Rc8 {[%clk 1:19:16]} 12. f4 {[%clk 1:23:12]} dxc4 {[%clk 1:08:03]} 13. Ndxc4
{[%clk 1:19:05]} Nd5 {[%clk 1:05:43]} 14. a3 {[%clk 1:11:59]} Bb8 {[%clk
1:02:31]} 15. Qd2 {[%clk 1:07:17]} a6 {[%clk 1:01:13]} 16. Rac1 {[%clk 1:00:47]}
Nce7 {[%clk 0:54:59]} 17. Ne3 {[%clk 0:52:15]} Nxe3 {[%clk 0:53:28]} 18. Qxe3
{[%clk 0:52:36]} Nd5 {[%clk 0:52:31]} 19. Qd2 {[%clk 0:50:58]} Rxc1 {[%clk
0:50:18]} 20. Qxc1 {[%clk 0:49:30]} Qd6 {[%clk 0:23:34]} 21. g3 {[%clk 0:41:30]}
Ne7 {[%clk 0:20:23]} 22. Nc4 {[%clk 0:36:51]} Qc7 {[%clk 0:19:34]} 23. Qd2 {[%clk
0:34:14]} Rc8 {[%clk 0:17:23]} 24. Rc1 {[%clk 0:30:20]} Qd8 {[%clk 0:15:21]} 25.
Ne3 {[%clk 0:27:02]} Ba7 {[%clk 0:13:50]} 26. Rxc8 {[%clk 0:26:40]} Qxc8 {[%clk
0:14:10]} 27. Nxf5 {[%clk 0:27:01]} Nxf5 {[%clk 0:14:30]} 28. Bg4 {[%clk
0:24:22]} Nd6 {[%clk 0:13:14]} 29. Kg2 {[%clk 0:22:29]} Qd8 {[%clk 0:10:10]} 30.
Bf3 {[%clk 0:17:36]} Qd7 {[%clk 0:06:09]} 31. Qd3 {[%clk 0:16:48]} Nf5 {[%clk
0:05:35]} 32. Qe4 {[%clk 0:15:07]} Bxd4 {[%clk 0:04:44]} 33. Bxd4 {[%clk
0:15:17]} Nxd4 {[%clk 0:04:22]} 34. Qxb7 {[%clk 0:15:20]} Qd6 {[%clk 0:04:10]}
35. a4 {[%clk 0:12:53]} g6 {[%clk 0:03:09]} 36. Qc8+ {[%clk 0:11:40]} Kg7 {[%clk
0:02:55]} 37. Qc3 {[%clk 0:11:27]} Kf8 {[%clk 0:02:43]} 38. Qc8+ {[%clk 0:10:59]}
Ke7 {[%clk 0:02:46]} 39. Qb7+ {[%clk 0:11:13]} Kf6 {[%clk 0:02:49]} 40. Kh3
{[%clk 0:38:59]} Qc5 {[%clk 0:31:41]} 41. Qe4 {[%clk 0:33:18]} Qf5+ {[%clk
0:24:26]} 42. Qxf5+ {[%clk 0:33:10]} Kxf5 {[%clk 0:24:38]} 43. Bb7 {[%clk
0:28:11]} a5 {[%clk 0:24:34]} 44. Ba6 {[%clk 0:28:22]} Nxb3 {[%clk 0:24:10]} 45.
Bb5 {[%clk 0:28:40]} Nc5 {[%clk 0:23:53]} 46. Kg2 {[%clk 0:28:12]} Ke4 {[%clk
0:15:51]} 0-1

[Event "46th Greek Team Championship"]
[Site "chess24.com"]
[Date "2018.07.11"]
[Round "3"]
[White "Almasi, Zoltan"]
[Black "Postny, Evgeny"]
[Result "1/2-1/2"]
[Board "1"]
[WhiteElo "2699"]
[WhiteTitle "GM"]
[WhiteCountry "HUN"]
[WhiteFideId "702293"]
[WhiteEloChange "-2"]
[BlackElo "2585"]
[BlackTitle "GM"]
[BlackCountry "ISR"]
[BlackFideId "2804344"]
[BlackEloChange "2"]

1. e4 {[%clk 1:30:56]} c6 {[%clk 1:30:54]} 2. d4 {[%clk 1:31:18]} d5 {[%clk
1:31:19]} 3. e5 {[%clk 1:31:34]} Bf5 {[%clk 1:31:43]} 4. Nd2 {[%clk 1:28:27]} e6
{[%clk 1:31:45]} 5. Nb3 {[%clk 1:28:51]} c5 {[%clk 1:29:45]} 6. dxc5 {[%clk
1:28:55]} Bxc5 {[%clk 1:30:08]} 7. Bb5+ {[%clk 1:25:41]} Nc6 {[%clk 1:29:49]} 8.
a4 {[%clk 1:25:49]} Qb6 {[%clk 1:27:29]} 9. Nxc5 {[%clk 1:24:51]} Qxc5 {[%clk
1:27:54]} 10. c3 {[%clk 1:24:43]} Qb6 {[%clk 1:26:57]} 11. Nf3 {[%clk 1:23:32]}
Qc7 {[%clk 1:25:05]} 12. Be3 {[%clk 1:15:50]} Bg4 {[%clk 1:18:14]} 13. O-O {[%clk
1:11:06]} Ne7 {[%clk 1:16:44]} 14. Bc5 {[%clk 1:11:06]} Bxf3 {[%clk 0:59:10]} 15.
Qxf3 {[%clk 1:09:31]} Qxe5 {[%clk 0:59:33]} 16. c4 {[%clk 1:09:50]} dxc4 {[%clk
0:49:38]} 17. Qa3 {[%clk 1:08:45]} a6 {[%clk 0:49:38]} 18. Bxc4 {[%clk 1:02:13]}
Qf6 {[%clk 0:27:31]} 19. Rad1 {[%clk 0:46:13]} O-O {[%clk 0:27:12]} 20. Rd7
{[%clk 0:46:10]} b5 {[%clk 0:23:30]} 21. Be2 {[%clk 0:46:10]} Rfe8 {[%clk
0:23:30]} 22. Bf3 {[%clk 0:24:14]} Rac8 {[%clk 0:15:31]} 23. Bxe7 {[%clk
0:16:16]} Nxe7 {[%clk 0:13:34]} 24. Bb7 {[%clk 0:16:16]} Rcd8 {[%clk 0:09:20]}
25. Rxd8 {[%clk 0:14:52]} Rxd8 {[%clk 0:09:20]} 26. a5 {[%clk 0:14:52]} e5 {[%clk
0:09:04]} 27. Bxa6 {[%clk 0:12:19]} Qxa6 {[%clk 0:09:21]} 28. Qxe7 {[%clk
0:12:46]} Qxa5 {[%clk 0:09:45]} 29. Qxe5 {[%clk 0:13:12]} Qb4 {[%clk 0:08:48]}
30. h3 {[%clk 0:10:56]} Qc4 {[%clk 0:05:19]} 31. Re1 {[%clk 0:10:47]} h6 {[%clk
0:05:27]} 32. Re4 {[%clk 0:08:54]} Qd5 {[%clk 0:04:57]} 33. Qxd5 {[%clk 0:07:11]}
Rxd5 {[%clk 0:05:23]} 34. Re8+ {[%clk 0:07:34]} Kh7 {[%clk 0:05:48]} 35. Rb8
{[%clk 0:08:01]} Rd1+ {[%clk 0:05:39]} 36. Kh2 {[%clk 0:08:28]} Rd2 {[%clk
0:06:04]} 37. Rxb5 {[%clk 0:08:55]} Rxf2 {[%clk 0:06:30]} 38. Kg3 {[%clk
0:04:44]} Rd2 {[%clk 0:06:36]} 39. Rb6 {[%clk 0:01:40]} g5 {[%clk 0:05:39]} 40.
Rf6 {[%clk 0:31:03]} 1/2-1/2

[Event "46th Greek Team Championship"]
[Site "chess24.com"]
[Date "2018.07.11"]
[Round "3"]
[White "Georgakopoulos, Nikolaos K."]
[Black "Stamatis, Ioannis"]
[Result "1-0"]
[Board "9"]
[WhiteElo "2033"]
[WhiteCountry "GRE"]
[WhiteFideId "4283430"]
[WhiteEloChange "4"]
[BlackElo "1777"]
[BlackCountry "GRE"]
[BlackFideId "25801260"]
[BlackEloChange "-4"]

1. e4 {[%clk 1:30:58]} c6 {[%clk 1:30:48]} 2. d4 {[%clk 1:30:55]} d5 {[%clk
1:31:13]} 3. e5 {[%clk 1:31:11]} Bf5 {[%clk 1:31:32]} 4. h4 {[%clk 1:30:48]} h5
{[%clk 1:31:55]} 5. Bd3 {[%clk 1:31:10]} Bxd3 {[%clk 1:32:13]} 6. Qxd3 {[%clk
1:31:29]} e6 {[%clk 1:32:38]} 7. Nf3 {[%clk 1:30:21]} Nd7 {[%clk 1:32:29]} 8. Bg5
{[%clk 1:27:52]} Ne7 {[%clk 1:27:35]} 9. O-O {[%clk 1:24:32]} Qb6 {[%clk
1:27:48]} 10. Nbd2 {[%clk 1:10:07]} Nf5 {[%clk 1:27:27]} 11. c4 {[%clk 1:07:37]}
Qa6 {[%clk 1:25:55]} 12. a3 {[%clk 0:49:22]} Nb6 {[%clk 1:18:30]} 13. b3 {[%clk
0:45:53]} Be7 {[%clk 1:17:18]} 14. Bxe7 {[%clk 0:36:34]} Nxe7 {[%clk 1:17:27]}
15. Qc2 {[%clk 0:35:14]} Nf5 {[%clk 1:15:36]} 16. c5 {[%clk 0:33:20]} Nd7 {[%clk
1:12:12]} 17. b4 {[%clk 0:33:14]} b6 {[%clk 0:59:31]} 18. Nb3 {[%clk 0:31:44]}
Qa4 {[%clk 0:54:21]} 19. Qc3 {[%clk 0:29:06]} O-O {[%clk 0:31:16]} 20. Rfc1
{[%clk 0:20:33]} Rfc8 {[%clk 0:31:09]} 21. g3 {[%clk 0:19:57]} g6 {[%clk
0:27:07]} 22. Ne1 {[%clk 0:14:01]} bxc5 {[%clk 0:20:26]} 23. dxc5 {[%clk
0:14:16]} Rd8 {[%clk 0:16:47]} 24. Nf3 {[%clk 0:06:49]} Rab8 {[%clk 0:14:12]} 25.
Re1 {[%clk 0:04:09]} Nf8 {[%clk 0:11:44]} 26. Nfd4 {[%clk 0:00:57]} Nxd4 {[%clk
0:11:03]} 27. Nxd4 {[%clk 0:01:26]} Rdc8 {[%clk 0:10:23]} 28. Nb3 {[%clk
0:00:37]} Nd7 {[%clk 0:09:15]} 29. Na5 {[%clk 0:00:41]} a6 {[%clk 0:06:13]} 30.
Reb1 {[%clk 0:00:34]} Rb5 {[%clk 0:03:01]} 31. Nb3 {[%clk 0:00:37]} Rbb8 {[%clk
0:03:21]} 32. Re1 {[%clk 0:00:32]} Nf8 {[%clk 0:02:25]} 33. Kg2 {[%clk 0:00:44]}
Nd7 {[%clk 0:02:14]} 34. Qe3 {[%clk 0:01:01]} Kg7 {[%clk 0:00:39]} 35. Nd4 {[%clk
0:00:44]} a5 {[%clk 0:00:34]} 36. Reb1 {[%clk 0:00:34]} Rb7 {[%clk 0:00:34]} 37.
b5 {[%clk 0:00:34]} Nxc5 {[%clk 0:00:36]} 38. bxc6 {[%clk 0:00:34]} Rxb1 {[%clk
0:00:44]} 39. Rxb1 {[%clk 0:00:53]} Rxc6 {[%clk 0:00:33]} 40. Nxc6 {[%clk
0:30:35]} Qxc6 {[%clk 0:30:59]} 41. Qd4 {[%clk 0:24:41]} Ne4 {[%clk 0:30:03]} 42.
a4 {[%clk 0:16:06]} Qc3 {[%clk 0:21:29]} 43. Qxc3 {[%clk 0:12:20]} Nxc3 {[%clk
0:21:56]} 44. Ra1 {[%clk 0:11:13]} Kf8 {[%clk 0:16:03]} 45. Kf1 {[%clk 0:06:50]}
Ke7 {[%clk 0:15:58]} 46. Ke1 {[%clk 0:06:46]} f6 {[%clk 0:15:18]} 47. exf6+
{[%clk 0:05:33]} Kxf6 {[%clk 0:15:46]} 48. Kd2 {[%clk 0:04:49]} d4 {[%clk
0:13:31]} 49. Kd3 {[%clk 0:04:40]} e5 {[%clk 0:08:48]} 50. f4 {[%clk 0:03:45]}
Kf5 {[%clk 0:07:43]} 51. fxe5 {[%clk 0:03:05]} Kxe5 {[%clk 0:08:11]} 52. Re1+
{[%clk 0:02:06]} Kd5 {[%clk 0:08:27]} 53. Re8 {[%clk 0:01:25]} Nxa4 {[%clk
0:08:33]} 54. Rd8+ {[%clk 0:01:30]} Ke5 {[%clk 0:08:47]} 55. Re8+ {[%clk
0:00:52]} Kd5 {[%clk 0:09:08]} 56. Rg8 {[%clk 0:00:36]} Nc5+ {[%clk 0:09:04]} 57.
Ke2 {[%clk 0:00:44]} d3+ {[%clk 0:05:56]} 58. Ke3 {[%clk 0:00:59]} Kc4 {[%clk
0:03:41]} 59. Rxg6 {[%clk 0:00:54]} a4 {[%clk 0:03:29]} 60. g4 {[%clk 0:00:58]}
hxg4 {[%clk 0:01:43]} 61. Rxg4+ {[%clk 0:01:23]} Kc3 {[%clk 0:01:24]} 62. h5
{[%clk 0:01:30]} d2 {[%clk 0:00:50]} 63. Rd4 {[%clk 0:00:52]} Nb3 {[%clk
0:00:44]} 64. Rd8 {[%clk 0:00:52]} Kc2 {[%clk 0:00:34]} 65. h6 {[%clk 0:00:39]}
a3 {[%clk 0:00:34]} 66. h7 {[%clk 0:00:49]} a2 {[%clk 0:00:35]} 67. h8Q {[%clk
0:01:00]} a1Q {[%clk 0:00:54]} 68. Rxd2+ {[%clk 0:01:14]} Nxd2 {[%clk 0:00:37]}
69. Qxa1 {[%clk 0:01:38]} Nc4+ {[%clk 0:00:40]} 70. Kd4 {[%clk 0:02:00]} Nd2
{[%clk 0:01:04]} 71. Qa2+ {[%clk 0:01:57]} Kc1 {[%clk 0:01:23]} 72. Kd3 {[%clk
0:02:20]} Nb3 {[%clk 0:01:31]} 73. Qc2# {[%clk 0:02:43]} 1-0